Your future face : the customized plan to look younger at any age
| Main Author: | |
|---|---|
| Other Authors: | |
| Format: | Book |
| Published: |
New York :
Viking ,
2005
|
| Subjects: |
MARC
| LEADER | 00000cam a2200000 7i4500 | ||
|---|---|---|---|
| 001 | 0000018513 | ||
| 005 | 20080611.0 | ||
| 008 | 080606 | ||
| 020 | |a 0670033715 | ||
| 090 | 0 | 0 | |a 646.726 |b GRO |
| 100 | 0 | |a Gross, Dennis | |
| 245 | 1 | 0 | |a Your future face : |b the customized plan to look younger at any age |c Dennis Gross with Cara Kagan |
| 260 | |a New York : |b Viking , |c 2005 | ||
| 500 | |a Include index | ||
| 650 | 0 | |a Skin care and hygiene | |
| 700 | 1 | |a Kagan, Cara | |
| 999 | |a 0001017634 |b Book |c Adult Collection |e Perbadanan Perpustakaan Awam Johor | ||